000 00205 a2200097 4500
001 10888
100 _aN. Y.
245 _aThe Essantial Schopenhaver
260 _a
_bUnivers books
_c
090 _c8461
_d8461
942 _aNUST-CAE
_cM
_c35224
999 _c245961
_d245961